|
|
|
|
| LEADER |
00000nab a2200000 a 4500 |
| 001 |
vtls010453886 |
| 003 |
SK-MaSNL |
| 005 |
20260303093219.0 |
| 008 |
120926c2012 xo wrzp 0 0slo |
| 015 |
|
|
|a SNBRB2012/09
|2 rvgkpd
|
| 038 |
|
|
|a RVGKPD
|
| 040 |
|
|
|a RVGKPD
|b slo
|c RVGKPD
|e AACR2
|
| 041 |
0 |
|
|a slo
|
| 044 |
|
|
|a xo
|c SK
|
| 080 |
|
|
|a 796.61.071.2
|x (73)
|2 1997
|
| 100 |
1 |
|
|a Boldocki, Rastislav
|4 aut
|9 266320
|
| 245 |
1 |
0 |
|a Padlý anjel?
|b Lance Armstrong už nebude bojovať proti obvineniam z dopingu
|c Rastislav Boldocki
|
| 246 |
3 |
|
|a Podľa agentúry sa k nemu priznal
|
| 300 |
|
|
|b Fotogr.
|
| 600 |
1 |
7 |
|a Armstrong, Lance,
|d 1971-
|2 rvgkpd
|9 54864
|
| 650 |
0 |
7 |
|a cyklistika
|2 rvgkpd
|9 3263
|
| 773 |
0 |
|
|t Plus 7 dní
|g Roč. XXII, č. 36 (2012), s. 110-111
|x 1210-4040
|
| 852 |
|
|
|a RVGKPD
|b KIS3G
|
| 856 |
4 |
1 |
|u www.pluska.sk/plus-7-dni/
|
| 958 |
|
|
|a BC
|
| 958 |
|
|
|a US
|
| 992 |
|
|
|a RBX
|
| 999 |
|
|
|c 1814621
|d 1816551
|